000 00569nam a2200193Ia 4500
005 20250507130256.0
008 008 250505s9999 xx 000 0 eng d
037 _aSeries Article
040 _aEASL
_beng
_cEASL
041 _aeng
_2eng
084 _qEASL
100 _aBakunina Alina
_9670549
245 0 _aRelegious,orientations in the lives of indian entrpreneurs:three case studies
260 _aUK
_bCambridge Cambridge University Press UK
_c2013
300 _a85-108
650 _aAsian Studies
942 _cSRA
999 _c1318715
_d1318715